| 000 | 00687cab a2200253 4500 | ||
|---|---|---|---|
| 001 | ABS50809 | ||
| 008 | 090401t1994 xxu||||| |||| 00| 0 eng d | ||
| 035 | _a(Sirsi) u55186 | ||
| 041 | _aeng | ||
| 245 | _aMulberry harbour 1944-1994 | ||
| 260 | _c1994 | ||
| 300 | _aLOAN | ||
| 350 | _a0 | ||
| 490 |
_aNew Civil Engineer _vsupplement 9 June 1994 (35) |
||
| 520 | _aA commemorative supplement on the floating harbours devised for the allied invasion of Europe in 1944. | ||
| 650 | _aDOCKS | ||
| 650 | _aHARBOURS | ||
| 650 | _aPONTOONS | ||
| 650 | _aPORTS | ||
| 650 | _aPREFABRICATION | ||
| 690 | _aBUILDING AND CONSTRUCTION-PROJECTS | ||
| 942 | _n0 | ||
| 948 | _c04/03/1997 | ||
| 999 |
_c33724 _d33724 |
||